Bosques entre la tierra y el mar : (Registro nro. 31028)

Detalles MARC
000 -CABECERA
campo de control de longitud fija 00848nam a22002057a 4500
008 - CÓDIGOS DE INFORMACIÓN DE LONGITUD FIJA
fixed length control field 250627b |||ao||| |||| 00| 0 spa d
020 ## - NÚMERO INTERNACIONAL NORMALIZADO PARA LIBROS
ISBN 9789585673939
040 ## - Fuente de catalogación
Agencia original de catalogación CO-JMCR
Lenguaje de catalogación spa
Agencia de transcripción CO-JMCR
Agencia de modificación CO-JMCR
Convenciones de descripción rda
041 0# - CÓDIGO DE LENGUA
Código idioma spa
082 04 - NÚMERO DE LA CLASIFICACIÓN DECIMAL DEWEY
Número de clasificación Decimal 986.1
Número de documento (Cutter) D54b
100 1# - PUNTO DE ACCESO PRINCIPAL-NOMBRE DE PERSONA
Nombre personal Díaz Merlano, Juan Manuel,
Término de función/relación autor
9 (RLIN) 36432
245 10 - TÍTULO PROPIAMENTE DICHO
Título Bosques entre la tierra y el mar :
Parte restante del título Colombia /
Mención de responsabilidad, etc. Juan Manuel Díaz Merlano; fotografía de Diego Miguel Garcés Guerrero y Germán Montes Veira.
264 ## - PRODUCCION, PUBLICACION, DISTRIBUCION, COPYRIGHT
Lugar de producción, publicación, distribución, etc Bogotá :
Nombre del editor, productor, distribuidor, etc IM Editores,
-- Banco de Occidente,
Fecha de producción, publicación, distribución, copyright ©2021.
300 ## - DESCRIPCIÓN FÍSICA
Extensión 205 páginas:
Otros detalles físicos Ilustraciones, fotografías a color;
Dimensiones 34 cm.
500 ## - NOTA GENERAL
Nota general Contiene Glosario: página 202.
500 ## - NOTA GENERAL
Nota general Contiene bibliografía: página 204.
700 1# - AUTOR SECUNDARIO - PERSONA
Nombre de persona Diego Miguel Garcés Guerrero
9 (RLIN) 44197
700 1# - AUTOR SECUNDARIO - PERSONA
Nombre de persona Montes Veira, Germán,
9 (RLIN) 44198
Existencias
Withdrawn status Lost status Source of classification or shelving scheme Damaged status Not for loan Collection code Home library Current library Shelving location Date acquired Source of acquisition Total Checkouts Full call number Barcode Date last seen Date last checked out Copy number Price effective from Koha item type
    Dewey Decimal Classification     Non-fiction Biblioteca Pública José María del Castillo y Rada Biblioteca Pública José María del Castillo y Rada Book Cart 06/03/2025 Donación 6 986.1 D54b 201812684 04/15/2026 04/15/2026 Ej.1 06/27/2025 Books